| 000 | 00837nam a2200277 i 4500 | ||
|---|---|---|---|
| 001 | bg | ||
| 003 | BPK | ||
| 005 | 20191218143836.0 | ||
| 008 | 991113s1999 pl a f f |000 0 pol | ||
| 015 | _aPB 1999/17413 | ||
| 020 | _a8390927349 | ||
| 040 |
_aWA N _cBPK |
||
| 041 | 0 | _apol | |
| 080 | _a621.56/.59 | ||
| 100 | 1 |
_aRubik, Marian _eAutor |
|
| 655 | 4 | _aPoradnik | |
| 650 | 4 | _aPompa ciepła | |
| 999 |
_c35799 _d35799 |
||
| 999 | _b(075.8) | ||
| 245 | 1 | 0 |
_aPompy ciepła : _bporadnik / _cMarian Rubik. |
| 250 | _aWyd. 2. | ||
| 260 |
_aWarszawa : _bOśrodek Informacji "Technika Instalacyjna w Budownictwie", _c[1999]. |
||
| 300 |
_a239 s. : _bfot., rys., wykr. ; _c23 cm. |
||
| 504 | _aBibliogr. s. 236-239. | ||
| 856 |
_uhttp://koha.tu.koszalin.pl/cgi-bin/koha/opac-detail.pl?biblionumber=35799 _yKatalog online BPK |
||
| 942 |
_2UKD _cKS |
||